Största städerna på B i Nordamerika, enligt bild - Statistics

General Stats
  • This quiz has been taken 7 times
  • The average score is 6 of 20
Answer Stats
Picture Hint Answer % Correct
🇺🇸 650 000 Boston
100%
🇺🇸 570 000 Baltimore
80%
🇺🇸 200 000 Birmingham
60%
🇺🇸 240 000 Boise
60%
🇺🇸 220 000 Baton Rouge
40%
🇺🇸 150 000 Bridgeport
40%
🇺🇸 190 000 Brownsville
40%
🇺🇸 280 000 Buffalo
40%
🇺🇸 410 000 Bakersfield
20%
🇨🇦 150 000 Barrie
20%
🇨🇺 160 000 Bayamo
20%
🇵🇷 170 000 Bayamón
20%
🇺🇸 120 000 Broken Arrow
20%
🇲🇽 220 000 Buenavista
20%
🇺🇸 110 000 Beaumont
0%
🇺🇸 150 000 Bellevue
0%
🇺🇸 120 000 Berkeley
0%
🇺🇸 120 000 Billings
0%
🇺🇸 120 000 Brandon
0%
🇺🇸 110 000 Buckeye
0%
No matching quizzes found
Score Distribution
Percent of People with Each Score
Percentile by Number Answered
Your Score History
You have not taken this quiz